000
00220nam a22000857a 4500
008
161108b xxu||||| |||| 00| 0 eng d
100
_9
1103
_a
Mishra.A.etal.
245
_a
Basic Science-7
260
_a
New Delhi
_b
Bharathi.B.
_c
2013
999
_c
3764
_d
3764